Object oriented programming in C++ , 4th ed (Record no. 266539)

000 -LEADER
fixed length control field 00339 a2200133 4500
001 - CONTROL NUMBER
control field 31466
082 ## - DEWEY DECIMAL CLASSIFICATION NUMBER
Classification number 005.117 LAF
090 ## - LOCALLY ASSIGNED LC-TYPE CALL NUMBER (OCLC); LOCAL CALL NUMBER (RLIN)
-- 21350
-- 21350
100 ## - MAIN ENTRY--PERSONAL NAME
Personal name Parsa N R; Robert Lafore
245 ## - TITLE STATEMENT
Title Object oriented programming in C++ , 4th ed
250 ## - EDITION STATEMENT
Edition statement 4
260 ## - PUBLICATION, DISTRIBUTION, ETC.
Place of publication, distribution, etc. New Delhi
Name of publisher, distributor, etc. Dream Tech/Pearson
Date of publication, distribution, etc. 2002
300 ## - PHYSICAL DESCRIPTION
Extent xix, 1012 p.
942 ## - ADDED ENTRY ELEMENTS (KOHA)
Institution code [OBSOLETE] NUST-CAE
Call number prefix 005.117 LAF
Holdings
Withdrawn status Lost status Damaged status Not for loan Collection code Permanent Location Current Location Date acquired Total Checkouts Full call number Barcode Date last seen Price effective from Koha item type
          College of Aeronautical Engineering (CAE) College of Aeronautical Engineering (CAE) 04/03/2017   005.117 LAF CAE72019 04/05/2017 04/05/2017 Book
© 2023 Central Library, National University of Sciences and Technology. All Rights Reserved.